| 000 | 00924nam a2200253Ia 4500 | ||
|---|---|---|---|
| 003 | OSt | ||
| 005 | 20220930091558.0 | ||
| 006 | a|||||r|||| 00| 0 | ||
| 007 | ta | ||
| 008 | 220926b |||||||| |||| 00| 0 eng d | ||
| 024 | _a6537 | ||
| 037 | _cTheses | ||
| 040 |
_aCRL _cCRL _beng |
||
| 041 |
_2eng _aeng |
||
| 100 |
_aVandana _9530708 |
||
| 110 | _aUniversity of Delhi. Faculty of Medical Sciences. Department of Pharmacy | ||
| 245 | 0 | _aDevelopment and validation of an analytical method on UV-visible spectrophotometer for determination of valsartan in bulk drugs and formulations & performance qualification of kalweka-all purpose equipment | |
| 260 | _c2006 | ||
| 650 |
_aPHARMACY _9222451 |
||
| 700 | _a Prof. B. P. Srinivasan Gu. | ||
| 700 | _aUniversity of Delhi. Faculty of Medical Sciences. Department of Pharmacy | ||
| 942 |
_cDIS _2CC |
||
| 999 |
_c882288 _d882288 |
||